000
00300nam a22001337a 4500
008
150611b xxu||||| |||| 00| 0 eng d
020
_a
9780312412623
041
0
_a
eng
080
_a
801.53 HAC
100
1
_a
40
101
_a
MAC
245
1
2
_a
A writer's reference /
_c
Diana Hacker.
942
_2
udc
_c
BK
999
_c
1035
_d
1035